Countries Closest to Kazakhstan A-Z - Statistics

General Stats
  • This quiz has been taken 866 times
    836 since last reset
  • The average score is 20 of 24
Answer Stats
letter country % Correct
R Russia
96%
T Turkmenistan
93%
U Uzbekistan
93%
A Azerbaijan
92%
C China
92%
K Kyrgyzstan
91%
O Oman
91%
Q Qatar
91%
Y Yemen
89%
I Iran
86%
J Jordan
85%
Z Zambia
85%
M Mongolia
84%
P Pakistan
83%
G Georgia
81%
E Estonia
77%
D Denmark
76%
F Finland
76%
H Hungary
74%
N Nepal
74%
B Belarus
73%
V Vatican City
69%
L Latvia
63%
S Syria
60%
No matching quizzes found
Score Distribution
Percent of People with Each Score
Percentile by Number Answered
Your Score History
You have not taken this quiz since the last reset